Flora nativa de valor ornamental: identificación y propagación. Chile zona centro

Saved in:
Bibliografiske detaljer
Main Authors: Riedemann Moellinghoff, María Paulina (Author), Aldunate Noël, Gustavo Eduardo (Author)
Format: Bog
Sprog:spansk
Udgivet: Santiago Corporación Jardín Botánico Chagual 2004
Udgivelse:2a. ed
Fag:
Tags: Tilføj Tag
Ingen Tags, Vær først til at tagge denne postø!

MARC

LEADER 00000nam a2200000 a 4500
001 UCK6318
003 CL-VaPUC
008 050916e20041100CL |||||||||||||||||spa|d
020 |a 9562994333 
082 0 4 |a 581.983  |b RIE  |2 21 
100 0 |a Riedemann Moellinghoff, María Paulina  |e author  |9 495463 
700 0 |a Aldunate Noël, Gustavo Eduardo  |e author  |9 495464 
245 1 0 |a Flora nativa de valor ornamental: identificación y propagación. Chile zona centro 
250 |a 2a. ed 
300 |a 356 p 
942 |c BK 
945 |d 20050916 00:00:00  |a jcarroza 
260 |a Santiago  |b Corporación Jardín Botánico Chagual  |c 2004 
650 0 |a Flora chilena  |9 416577 
650 0 |a Plantas bulbosas  |9 413201 
650 7 |a PLANTAS TREPADORAS  |2 CL-VaPUC  |9 495465 
650 0 |a Plantas ornamentales  |9 345450 
651 7 |a CHILE  |2 CL-VaPUC  |9 495466 
583 |a last modification  |c 20050916 00:00:00  |k Rodrigo Vera 
999 |c 314614  |d 314612